| 000 | 02143nam a2200481 i 4500 | ||
|---|---|---|---|
| 001 | DIGDYK2996 | ||
| 003 | NyNyDIG | ||
| 007 | cr ||||||||||| | ||
| 008 | 231201s2023 sp b ob 000 0 spa d | ||
| 006 | m o d | ||
| 035 | _a(OCoLC)1407312408 | ||
| 040 |
_aDGITA _beng _erda _epn _cDGITA |
||
| 020 |
_a9788411705967 _qelectrónico |
||
| 020 | _z9788411704823 | ||
| 041 | 1 |
_aspa _hita |
|
| 043 | _ae------ | ||
| 050 | 1 | 4 | _aKJC472 ebook |
| 100 | 1 |
_aLoschiavo, Luca, _eauthor. |
|
| 240 | 1 | 0 |
_aEtà del passaggio. _lSpanish _s(Muñoz) |
| 245 | 1 | 3 |
_aLa época de la transición en los albores del derecho común europeo (siglos III-VII) / _cLuca Loschiavo ; traducción, Marcela Muñoz ; prólogo de Walter Antillón. |
| 264 | 1 |
_aMadrid : _bDykinson, S.L. ; _aSan José, Costa Rica : _bEditorial UCR, _c[2023] |
|
| 300 |
_a1 online resource : _bmaps. |
||
| 336 |
_atext _btxt _2rdacontent |
||
| 337 |
_acomputer _bc _2rdamedia |
||
| 338 |
_aonline resource _bcr _2rdacarrier |
||
| 347 |
_atext file _2rdaft |
||
| 347 | _bPDF | ||
| 490 | 1 | _aColección "Monografías de derecho romano y cultura clásica" | |
| 504 | _aIncludes bibliographical references. | ||
| 588 | 0 | _aOnline resource; title from PDF title page (Digitalia, viewed December 1, 2023) | |
| 650 | 0 |
_aLaw _zEurope _xHistory. |
|
| 650 | 0 |
_aCommon law _zEurope. |
|
| 700 | 1 |
_aMuñoz, Marcela _q(translator), _etranslator. |
|
| 700 | 1 |
_aAntillón Montealegre, W. _q(Walter), _econtributor agent of text. |
|
| 700 | 1 |
_iTranslation of: _aLoschiavo, Luca. _tEtà del passaggio. |
|
| 791 | 2 |
_aDigitalia (Firm), _edistributor. |
|
| 793 | 0 |
_gDigitalia eBook Collection: _aDykinson Editorial |
|
| 776 | 0 | 8 |
_iPrint version: _aLoschiavo, Luca. _sEtà del passaggio. Spanish (Muñoz). _tÉpoca de la transición en los albores del derecho común europeo (siglos III-VII). _dMadrid : Dykinson, S.L. ; San José, Costa Rica : Editorial UCR, [2023] _z9788411704823 |
| 830 | 0 | _aColección Monografías de derecho romano y cultura clásica. | |
| 856 | 4 | 0 |
_3Digitalia Hispánica _uhttps://www.digitaliapublishing.com/a/131309/ |
| 910 | _aPremium collection: 2023 | ||
| 942 | _cRAA | ||
| 999 |
_c281530 _d281530 |
||